Statistics for An all-time NBA player on every team to make them title contenders

Click here to take the quiz!

General Stats

  • This quiz has been taken 20 times
  • The average score is 25 of 30

Answer Stats

TeamPlayer% Correct
MIALeBron James
100%
CLELeBron James
100%
CHIMichael Jordan
100%
DALDirk Nowitzki
95%
HOUHakeem Olajuwon
95%
LALShaquille O'Neal
95%
ORLShaquille O'Neal
95%
BOSBill Russell
90%
MILKareem Abdul-Jabbar
90%
BKNKevin Durant
90%
OKLKevin Durant
90%
MINKevin Garnett
90%
INDReggie Miller
90%
GSWWilt Chamberlain
90%
PHIWilt Chamberlain
90%
LACChris Paul
85%
NOPChris Paul
85%
UTAKarl Malone
85%
NYKPatrick Ewing
85%
CHALarry Johnson
80%
PHOSteve Nash
80%
SASTim Duncan
80%
TORKawhi Leonard
75%
SACOscar Robertson
75%
DETBen Wallace
70%
DENCarmelo Anthony
70%
MEMPau Gasol
70%
PORBill Walton
65%
ATLBob Pettit
65%
WASWes Unseld
55%

Score Distribution

Percentile by Number Answered

Percent of People with Each Score

Your Score History

You have not taken this quiz